La grafología como técnica proyectiva gráfica (Registro nro. 2967)

Detalles MARC
000 -Cabecera
Campo de control de longitud fija 00949aam a2200349 4500
005 - Fecha y hora de la última transacción
Campo de control 20251128164847.0
008 - Elementos de longitud fija--Información general
Campo de control de longitud fija 150619b2005 xxu||||| |||| 00| 0 spa d
020 ## - International Standard Book Number
Número Internacional Estándar del Libro (ISBN) 9505074778
041 ## - Idioma
Código de idioma Español
082 ## - Clasificación Decimal Dewey
Número de clasificación 363.256.5 T655g
100 ## - Entrada principal--Autor personal
Nombre personal Tomati, Graciela Z.
9 (RLIN) 25209
100 ## - Entrada principal--Autor personal
Nombre personal Fernández, Ricardo A.
9 (RLIN) 25210
245 ## - Título propiamente dicho
Título La grafología como técnica proyectiva gráfica
260 ## - Pie de imprenta
Lugar de publicación, distribución, etc. Argentina
260 ## - Pie de imprenta
Nombre del editor, distribuidor, etc. Bonum
260 ## - Pie de imprenta
Fecha de publicación, distribución, etc. 2005
300 ## - Descripción física
Extensión 189 páginas
490 ## - Serie
Título de la Serie Investigación Criminal
650 ## - Materia general
Temática (materia general) GRAFOLOGÍA
650 ## - Materia general
Temática (materia general) ORDEN GRAFOLÓGICO
650 ## - Materia general
Temática (materia general) DIMENSIONES DE LA LETRA
650 ## - Materia general
Temática (materia general) PRESIÓN DEL GRAFISMO
650 ## - Materia general
Temática (materia general) VELOCIDAD DE LA LETRA
650 ## - Materia general
Temática (materia general) TRAYECTORIA DE LA LETRA
650 ## - Materia general
Temática (materia general) INCLINACIÓN DE LA LETRA
650 ## - Materia general
Temática (materia general) CONTINUIDAD DE LA LETRA
650 ## - Materia general
Temática (materia general) APERTURA DE LA LETRA
650 ## - Materia general
Temática (materia general) GESTO TIPO
650 ## - Materia general
Temática (materia general) LETRAS REFLEJAS
650 ## - Materia general
Temática (materia general) FIRMAS
942 ## - Punto de acceso adicional KOHA
Tipo de ítem KOHA Libro
Fuente del sistema de clasificación o colocación Dewey Decimal Classification
Existencias
Signatura completa Código de barras Programa Académico Tipo de ítem
363.256.5 T655g 17628 Investigación Criminal Libro